DEHUIDELA Revista/
Gardado en:
| Autor Corporativo: | |
|---|---|
| Formato: | Libro |
| Idioma: | Spanish |
| Publicado: |
Heredia, Costa Rica:
Universidad Nacional. Facultad de Filosofía y Letras
|
| Materias: | |
| Etiquetas: |
Engadir etiqueta
Sen Etiquetas, Sexa o primeiro en etiquetar este rexistro!
|
MARC
| LEADER | 00000nam a22000007a 4500 | ||
|---|---|---|---|
| 003 | cru CIDCACS/IIS | ||
| 005 | 20200904111412.0 | ||
| 008 | 200904n cr |||p|r||||||0| ||spa|d | ||
| 999 | |c 43354 |d 43354 | ||
| 040 | |c cru CIDCACS/IIS | ||
| 090 | |a REV0029 | ||
| 110 | 1 | |9 6797 |a Universidad Nacional de Costa Rica. |b Facultad de Filosofía y Letras. |b Instituto de Estudios Latinoamericanos | |
| 245 | 1 | |a DEHUIDELA Revista/ |c Facultad de Filosofía y Letras. Instituto de Estudios Latinoamericanos. Módulos Sistematizados en Derechos Humanos | |
| 260 | |a Heredia, Costa Rica: |b Universidad Nacional. Facultad de Filosofía y Letras | ||
| 500 | |a PERIODICIDAD:Trimestral | ||
| 650 | 0 | |9 38 |a DERECHOS HUMANOS | |
| 650 | 0 | |9 138 |a PAZ | |
| 942 | |2 ddc |c PP | ||
